书目信息 |
| 题名: |
市政工程工人技术问答基础知识
|
|
| 作者: | 北京市市政工程局 | |
| 分册: | ||
| 出版信息: | 北京 中国建筑工业出版社 1982.07 |
|
| 页数: | ||
| 开本: | ||
| 丛书名: | ||
| 单 册: | ||
| 中图分类: | TU99 | |
| 科图分类: | ||
| 主题词: | 市政工程 | |
| 电子资源: | ||
| ISBN: | ||
| 000 | 00628nam0 2200193 450 | |
| 001 | 0634932763 | |
| 005 | 20060809094448.20 | |
| 010 | @dCNY0.39 | |
| 091 | @a15040.4241 | |
| 100 | @a20060809d1982 km y0chiy0120 ea | |
| 101 | 0 | @achi |
| 102 | @aCN@b110000 | |
| 200 | 1 | @a市政工程工人技术问答基础知识@Ashi zheng gong cheng gong ren ji shu wen da ji chu zhi shi@f北京市市政工程局@Fbei jing shi shi zheng gong cheng ju |
| 210 | @a北京@c中国建筑工业出版社@d1982.07 | |
| 606 | 0 | @a市政工程 |
| 690 | @aTU99@v3 | |
| 701 | 0 | @a北京市市政工程局@Abei jing shi shi zheng gong cheng ju |
| 801 | 0 | @aCN@bPFT@c20060809 |
| 905 | @a10447@dTU99@e278 | |
| 市政工程工人技术问答基础知识/北京市市政工程局.-北京:中国建筑工业出版社,1982.07 |
| ISBN :CNY0.39 |
| ● |
| 相关链接 |
|
|
|
|
正题名:市政工程工人技术问答基础知识
索取号:TU99/278
 
预约/预借
| 序号 | 登录号 | 条形码 | 馆藏地/架位号 | 状态 | 备注 |
| 1 | 0451859 | 204518593 | 密集书库/ [索取号:TU99/278] | 在馆 | |
| 2 | 0451860 | 204518600 | 密集书库/ [索取号:TU99/278] | 在馆 |